<?xml version="1.0" encoding="UTF-8"?>
<record
    xmlns:xsi="http://www.w3.org/2001/XMLSchema-instance"
    xsi:schemaLocation="http://www.loc.gov/MARC21/slim http://www.loc.gov/standards/marcxml/schema/MARC21slim.xsd"
    xmlns="http://www.loc.gov/MARC21/slim">

  <leader>00675    a2200229   4500</leader>
  <controlfield tag="005">20160609155433.0</controlfield>
  <controlfield tag="008">100802t        xxu||||| |||| 00| 0 eng d</controlfield>
  <datafield tag="020" ind1=" " ind2=" ">
    <subfield code="a">2-07-071278-8</subfield>
  </datafield>
  <datafield tag="040" ind1=" " ind2=" ">
    <subfield code="a">BUAC</subfield>
  </datafield>
  <datafield tag="041" ind1=" " ind2=" ">
    <subfield code="a">Fr.</subfield>
  </datafield>
  <datafield tag="082" ind1=" " ind2=" ">
    <subfield code="a">140.8</subfield>
  </datafield>
  <datafield tag="100" ind1=" " ind2=" ">
    <subfield code="a">Koyr&#xE9;, Alexandre</subfield>
    <subfield code="9">7813</subfield>
  </datafield>
  <datafield tag="245" ind1=" " ind2=" ">
    <subfield code="a">Du monde clos &#xE0; l'univers infini</subfield>
    <subfield code="c">/ Alexandre Koyr&#xE9; ; trad. de l'anglais par Raissa Tarr</subfield>
  </datafield>
  <datafield tag="260" ind1=" " ind2=" ">
    <subfield code="a">Paris : </subfield>
    <subfield code="b">Ed. Gallimard</subfield>
    <subfield code="c">1993</subfield>
  </datafield>
  <datafield tag="300" ind1=" " ind2=" ">
    <subfield code="a">349 p.</subfield>
    <subfield code="c">19 cm.</subfield>
  </datafield>
  <datafield tag="440" ind1=" " ind2=" ">
    <subfield code="a">(Collection Tel</subfield>
    <subfield code="n">129)</subfield>
    <subfield code="9">7814</subfield>
  </datafield>
  <datafield tag="504" ind1=" " ind2=" ">
    <subfield code="a">comprend Index p. 340-349</subfield>
  </datafield>
  <datafield tag="630" ind1=" " ind2=" ">
    <subfield code="a">PHILOSOPHIE</subfield>
    <subfield code="9">7815</subfield>
  </datafield>
  <datafield tag="650" ind1=" " ind2=" ">
    <subfield code="a">Epist&#xE9;mologie : histoire : sciences</subfield>
    <subfield code="9">7816</subfield>
  </datafield>
  <datafield tag="942" ind1=" " ind2=" ">
    <subfield code="c">LIVR</subfield>
  </datafield>
  <datafield tag="999" ind1=" " ind2=" ">
    <subfield code="c">35000</subfield>
    <subfield code="d">35000</subfield>
  </datafield>
  <datafield tag="952" ind1=" " ind2=" ">
    <subfield code="0">0</subfield>
    <subfield code="1">0</subfield>
    <subfield code="4">0</subfield>
    <subfield code="7">0</subfield>
    <subfield code="a">BUAC</subfield>
    <subfield code="b">BUAC</subfield>
    <subfield code="d">0000-00-00</subfield>
    <subfield code="e">ACHAT</subfield>
    <subfield code="l">0</subfield>
    <subfield code="o">140.8  KOY</subfield>
    <subfield code="r">2010-07-16 00:00:00</subfield>
    <subfield code="t">1</subfield>
    <subfield code="w">2010-07-16</subfield>
    <subfield code="y">LIVR</subfield>
  </datafield>
</record>
